000 00348nam a2200133 a 4500
005 20140412111423.0
008 080124s19uu xx 00 eng d
020 _a971-518-093-3
050 _aREF 030
_bW893 2006
245 _aThe world almanac for kids 2006.
260 _aNew York :
_bWorld almanac,
_c2006.
300 _a360p.
999 _c106122
_d106122